000 00670nam a2200289Ia 4500
005 20260324123545.0
008 008 260324s9999 xx 000 0 eng d
020 _a9780203809112
037 _aEBOOK
040 _aCRL
040 _beng
040 _cCRL
041 _2eng
041 _aeng
084 _qCRL
100 _aRose Drew
_91170764
245 0 _aBuddhist and Christian?
245 3 _bAn Exploration of Dual Belonging
260 _bTaylor and Francis
260 _c2011
365 _a
365 _b255
856 _uhttp://www.taylorfrancis.com/books/9780203809112
942 _cEBOOK
999 _c1764398
_d1764398